000
00340nam a2200145Ia 4500
008
210210b1953 xxu||||| |||| 00| 0 eng d
041
_a
eng
082
_a
828/393
100
_a
MacCARTHY (Desmond)
245
_a
Memories
260
_a
London
_b
Macgibbon & Kee Ltd.,
_c
1953
650
_a
Memories
690
_a
Biography
906
_a
016238
999
_c
135659
_d
135659